Influence of Arginine-8-Vasotocin and Indomethacin on in vitro Progesterone Secretion by Porcine Granulosa Cells

Bibliographic Details
Main Authors: Nikolov, A. (Author), Hristov, I. (Author), Denkova, R. (Author)
Format: Article
Language:English

MARC

LEADER 00000nab a2200000uu 4500
001 vtls010891289
003 SK-MaSNL
005 20260303135554.0
008 230218|1995 xo |||||||||||||||||eng|
015 |a SNBRB 
035 |a (urnnbn)urn:nbn:sk:snk:ar-0063vn 
035 |a (uuid)22b39880-4429-45c8-a989-3f2ab60c2c78 
035 |a urn:nbn:sk:snk-ab8l42 
040 |a SNKBUCL  |b slo  |c SNKBUCL  |e AACR2 
041 0 |a eng 
044 |a xo  |c SK 
100 1 |a Nikolov, A.  |4 aut  |9 1157099 
245 1 0 |a Influence of Arginine-8-Vasotocin and Indomethacin on in vitro Progesterone Secretion by Porcine Granulosa Cells  |c A. Nikolov, I. Hristov, R. Denkova 
700 1 |a Hristov, I.  |4 aut  |9 1157100 
700 1 |a Denkova, R.  |4 aut  |9 1157070 
773 0 |t Endocrine regulations  |g Roč. 29, č. 4 (1995), s. 232-236 
958 |a OND 
958 |a EUIPO 
958 |a article10 
999 |c 1966547  |d 1968477